{"text_format":"3","workbook":"xlsx","n_sheets":1,"sheets":["Sheet1"],"read":"whole","date_system":"1900"}

{"sheet":"Sheet1","index":0,"n_rows":64,"n_cols":8,"rows_kept":64,"merged":[[0,0,0,7]]}
["安徽矾山文旅投资运营有限公司日常办公消耗品采购清单"]
["序号","名称","品牌规格","单位","参考单价（元）","暂定量","总价（元）","备注"]
[1,"A4纸","国产优质（8包*500张）","箱",170,50,8500]
[2,"粉色A4纸","国产优质（70克，100张*25包）","箱",150,4,600]
[3,"浅蓝色A4纸","国产优质（规格：80克，100张*25包）","箱",155,1,155]
[4,"A3纸","国产优质（4包*500张）","箱",170,20,3400]
[5,"文件筐","国产优质","个",9,30,270]
[6,"文件夹","国产优质","个",8,100,800]
[7,"档案盒（塑料）","国产优质","个",10,73,730]
[8,"档案袋","国产优质（50只/包）","包",40,5,200]
[9,"文件袋","国产优质","个",1,85,85]
[10,"笔筒","国产优质","个",3,40,120]
[11,"便利贴","国产优质","个",2,74,148]
[12,"标签贴","国产优质","个",5,52,260]
[13,"铅笔","国产优质（10支/盒）","盒",10,30,300]
[14,"黑笔","国产优质（10支/盒）","盒",10,45,450]
[15,"红笔","国产优质（10支/盒）","盒",10,25,250]
[16,"笔记本","国产优质（皮面商务黑色）","本",7,40,280]
[17,"橡皮","国产优质","个",0.5,24,12]
[18,"固体胶","国产优质","个",1,40,40]
[19,"订书钉","国产优质","盒",1.5,90,135]
[20,"抽纸","国产优质（（24包/箱））","箱",70,120,8400]
[21,"湿纸巾","国产优质（10片/包）","包",3,20,60]
[22,"湿纸巾（抽）","国产优质","包",10,15,150]
[23,"胶带（宽）","国产优质","个",2.5,12,30]
[24,"胶带（细）","国产优质","个",0.5,35,17.5]
[25,"胶水","国产优质","个",4,10,40]
[26,"双面胶","国产优质","个",2.5,24,60]
[27,"电池5号","国产优质（4个/板）","板",11.5,15,172.5]
[28,"电池7号","国产优质（4个/板）","板",11.5,15,172.5]
[29,"白板笔","国产优质","盒",10,2,20]
[30,"回形针","国产优质","盒",2,80,160]
[31,"订书机","国产优质","个",18,15,270]
[32,"黑板磁吸扣","国产优质（6个/板）","板",10.5,8,84]
[33,"裁纸刀","国产优质","个",3,15,45]
[34,"印泥","国产优质","盒",8,9,72]
[35,"会计档案凭证盒","西玛A4竖版木浆牛皮纸单封口6501","个",6,60,360]
[36,"会计凭证封面","西玛A4竖版凭证封面50套（含包角）","套",16,2,32]
[37,"铆管","得力专用铆管3853（100支）","盒",91,1,91]
[38,"彩色长尾夹","国产优质（混合装50支）","盒",12,70,840]
[39,"索引标贴","国产优质","袋",6,21,126]
[40,"荧光笔","国产优质","套",11,4,44,"6色混装"]
[41,"订书机取钉器","国产优质","个",3,14,42]
[42,"墨粉盒","奔图CM2200FDM","个",234,2,468,"黑色"]
[43,"墨粉盒","奔图CM2200FDM","个",234,3,702,"其余三色各1个，共计3个"]
[44,"废粉瓶","奔图CM2200FDM","个",120,1,120]
[45,"墨粉盒","夏普BPC2522R","个",240,15,3600,"黑色"]
[46,"墨粉盒","夏普BPC2522R","个",300,30,9000,"其余三色各10个，共计30个"]
[47,"墨粉盒","夏普BPC2522R","个",240,15,3600,"黑色"]
[48,"墨粉盒","夏普BPC2522R","个",300,30,9000,"其余三色各10个，共计30个"]
[49,"墨粉盒","惠普envy7920","个",150,3,450,"黑色"]
[50,"墨粉盒","惠普envy7920","个",200,6,1200,"其余三色各2个，共计6个"]
[51,"墨粉盒","惠普envy7920","个",150,3,450,"黑色"]
[52,"墨粉盒","惠普envy7920","个",200,6,1200,"其余三色各2个，共计6个"]
[53,"墨粉盒","惠普envy7920","个",150,20,3000,"黑色"]
[54,"墨粉盒","惠普envy7920","个",200,45,9000,"其余三色各15个，共计45个"]
[55,"墨粉盒","惠普MFP M180n","个",100,25,2500,"黑色"]
[56,"墨粉盒","惠普MFP M180n","个",100,60,6000,"其余三色各20个，共计60个"]
[57,"墨粉盒","得力CM2600ADN","套",400,8,3200,"四色全套"]
[58,"墨粉盒","富士SC2022","个",260,12,3120,"黑色"]
[59,"墨粉盒","富士SC2022","个",280,36,10080,"其余三色各12个，共计36个"]
[60,"废粉回收盒","夏普BPC2522R","个",328,10,3280]
[61,"废粉回收盒","富士SC2022","个",300,6,1800]
["合计",{"$nulls":5},99793.5]